|
|
|
|
| LEADER |
00000naa2a2200000 4500 |
| 001 |
177389 |
| 005 |
20231031165623.0 |
| 035 |
|
|
|a (RuTPU)RU\TPU\book\192303
|
| 090 |
|
|
|a 177389
|
| 100 |
|
|
|a 20100316d2009 k y0rusy50 ca
|
| 101 |
0 |
|
|a rus
|
| 102 |
|
|
|a RU
|
| 200 |
1 |
|
|a Самоопределение личности в элитном образовании
|f Л. А. Беломестных, Г. П. Новосёлова, Е. Г. Пахомова
|
| 320 |
|
|
|a Библиогр.: 3 назв.
|
| 463 |
|
0 |
|0 (RuTPU)RU\TPU\book\186925
|t Модернизация инженерного и общего образования: проблемы и перспективы
|o труды VII Всероссийской научно-практической конференции, 12 ноября 2009 года Юрга
|f Томский политехнический университет (ТПУ), Юргинский технологический институт (ЮТИ)
|v С. 169-171
|d 2009
|p 279 с.
|
| 610 |
1 |
|
|a элитное образование
|
| 610 |
1 |
|
|a технические специальности
|
| 610 |
1 |
|
|a университеты
|
| 610 |
1 |
|
|a студенты
|
| 610 |
1 |
|
|a труды учёных ТПУ
|
| 700 |
|
1 |
|a Беломестных
|b Л. А.
|c доцент
|c кафедра высшей математики Томского политехнического университета
|g Людмила Афанасьевна
|2 stltpush
|3 (RuTPU)RU\TPU\pers\25926
|
| 701 |
|
1 |
|a Новосёлова
|b Г. П.
|c старший преподаватель
|c кафедра высшей математики Томского политехнического университета
|g Галина Павловна
|2 stltpush
|3 (RuTPU)RU\TPU\pers\25967
|
| 701 |
|
1 |
|a Пахомова
|b Е. Г.
|c доцент, кандидат физико-математических наук
|c кафедра высшей математики Томского политехнического университета
|g Елена Григорьевна
|2 stltpush
|3 (RuTPU)RU\TPU\pers\25969
|
| 801 |
|
1 |
|a RU
|b 63413507
|c 20100316
|
| 801 |
|
2 |
|a RU
|b 63413507
|c 20130919
|g RCR
|
| 942 |
|
|
|c BK
|